La teoría económica de John Maynard Keynes: teoría de una economía monetaria

Guardat en:
Dades bibliogràfiques
Autor principal: Dillard, Dudley (Autor)
Format: Llibre
Idioma:espanyol
Publicat: Madrid Aguilar 1964
Edició:6a. ed
Col·lecció:Biblioteca de Ciencias Sociales. Sección I: Economía
Matèries:
Etiquetes: Afegir etiqueta
Sense etiquetes, Sigues el primer a etiquetar aquest registre!

MARC

LEADER 00000nam a2200000 a 4500
001 UCR8125
003 CL-VaPUC
008 980519e19640000SP |||||||||||||||||spa|d
082 0 4 |a 330.156  |b DIL  |2 21 
100 0 |a Dillard, Dudley  |e author  |9 409822 
245 1 3 |a La teoría económica de John Maynard Keynes: teoría de una economía monetaria 
250 |a 6a. ed 
300 |a 372 p 
942 |c BK 
945 |d 19980519 00:00:00  |a lriquelm 
260 |a Madrid  |b Aguilar  |c 1964 
650 0 |a Teorías económicas  |9 270968 
650 7 |a ECONOMIA KEYNESIANA  |2 CL-VaPUC  |9 359265 
650 7 |a TEORIAS DEL EMPLEO  |2 CL-VaPUC  |9 381066 
650 0 |a Inversiones  |9 345867 
650 0 |a Ahorro  |9 351157 
650 7 |a RENTA  |2 CL-VaPUC  |9 358792 
650 0 |a Política fiscal  |9 317354 
650 0 |a Capital   |9 263726 
650 0 |a Interés  |9 336484 
650 0 |a Moneda  |9 342365 
650 0 |a Precios   |9 260787 
650 0 |a Inflación   |9 257218 
650 0 |a Salarios  |9 255321 
583 |a last modification  |c 19980519 00:00:00  |k Rodrigo Vera 
490 0 |a Biblioteca de Ciencias Sociales. Sección I: Economía 
999 |c 269689  |d 269687 
952 |0 0  |1 0  |4 0  |6 330_156000000000000_DIL_1964  |7 0  |8 A  |9 303548  |a BIBGIM  |b BIBGIM  |d 2019-11-20  |i 199655K  |o 330.156 DIL 1964  |p 199655K  |r 2025-01-15  |w 2019-11-20  |y BK  |k COM